Normal view MARC view
  • Universidad Pedagógica Nacional (México).

Entry Nombre Corporativo

Number of records used in: 10

001 - NÚMERO DE CONTROL

  • campo de control: 47569

003 - IDENTIFICADOR DE NUMERO DE CONTROL

  • campo de control: UPN

005 - FECHA Y HORA DE LA ÜLTIMA TRANSACCIÓN

  • campo de control: 20240207090326.0

008 - DATOS DE LONGITUD FIJA

  • campo de control de longitud fija: 230102nn acnnnaabn fn ana d

040 ## - FUENTE DE CATALOGACIÓN

  • Agencia original de catalogación: MX-MxUPN

110 2# - ENCABEZAMIENTO - NOMBRE CORPORATIVO

  • Nombre corporativo o de jurisdicción como elemento de entrada : Universidad Pedagógica Nacional (México).
  • Unidad subordinada: Licenciatura en Enseñanza del Francés

670 ## - FUENTE EN LA QUE SE LOCALIZARON DATOS

  • Cita de la fuente : Información de los programas, 02-01-2023:
  • Información localizada: Licenciaturas (Licenciatura en Enseñanza del Francés)
  • Uniform Resource Identifier: https://upn.mx/index.php/estudiar-en-la-upn/licenciaturas/18-estudiar-en-la-upn/177-licenciatura-en-ensenanza-del-frances

902 ## - CATALOGADOR

  • Catalogador: VAGG/020123